[Event "GER-chT2 LF-23 B4 email"]
[Site "GER email"]
[Date "2007.??.??"]
[Round "?"]
[White "Engelhardt, Georg"]
[Black "Henrich, Guenter"]
[Result "1/2-1/2"]
[WhiteElo "2150"]
[BlackElo "2121"]
[PlyCount "91"]
[EventDate "2007.??.??"]
[EventType "team (corr)"]
[EventRounds "9"]
[EventCountry "GER"]
[SourceTitle "Corr 2008"]
[Source "ChessBase"]
[SourceDate "2008.06.24"]
[SourceVersion "1"]
[SourceVersionDate "2008.06.24"]
[SourceQuality "1"]

1. e4 c5 2. Nf3 d6 3. d4 cxd4 4. Nxd4 Nf6 5. Nc3 a6 6. f3 Qb6 7. Nb3 e6 8. g4 Nc6 9. Qe2 Qc7 10. Be3 b5 11. 0-0-0 Nd7 12. Qf2 Be7 13. Kb1 Bb7 14. g5 Rc8 15. Rg1 0-0 16. h4 b4 17. Na4 Nce5 18. Nb6 Nxb6 19. Bxb6 Qb8 20. Bh3 Nc4 21. Ba7 Qc7 22. h5 a5 23. g6 Bh4 24. Qh2 Bf6 25. gxf7+ Qxf7 26. Bd4 a4 27. Bxf6 Qxf6 28. Nd4 Rce8 29. Qg3 Rf7 30. Qg5 Qxg5 31. Rxg5 Ne3 32. Rd3 e5 33. Nf5 Nxf5 34. Bxf5 Rf6 35. a3 Ba6 36. Re3 bxa3 37. Rxa3 Bc8 38. Rxa4 Bxf5 39. Rxf5 Rxf5 40. exf5 Rf8 41. Ra6 Rxf5 42. Rxd6 Rxh5 43. c4 Kf8 44. Kc2 Rh4 45. b3 Ke7 46. Rb6 1/2-1/2

[Event "GER-chT2 LF-23 B2 email"]
[Site "GER email"]
[Date "2007.??.??"]
[Round "?"]
[White "Gross Winter, Guenter"]
[Black "Henrich, Guenter"]
[Result "1/2-1/2"]
[WhiteElo "2128"]
[BlackElo "2121"]
[PlyCount "119"]
[EventDate "2007.??.??"]
[EventType "team (corr)"]
[EventRounds "9"]
[EventCountry "GER"]
[SourceTitle "Corr 2008"]
[Source "ChessBase"]
[SourceDate "2008.06.24"]
[SourceVersion "1"]
[SourceVersionDate "2008.06.24"]
[SourceQuality "1"]

1. e4 c5 2. Nf3 d6 3. d4 cxd4 4. Nxd4 Nf6 5. Nc3 a6 6. Be3 e6 7. f3 b5 8. Qd2 Nbd7 9. g4 h6 10. 0-0-0 Bb7 11. h4 b4 12. Na4 Qa5 13. b3 Nc5 14. a3 Rc8 15. Qxb4 Qc7 16. Nxc5 dxc5 17. Qa4+ Nd7 18. Ne2 c4 19. Bf4 Qc6 20. Kb2 Qxa4 21. bxa4 Be7 22. Ka2 Bc6 23. Nc3 Bf6 24. Bd2 Nb6 25. a5 Na4 26. Nxa4 Bxa4 27. Kb1 Rb8+ 28. Bb4 Bc3 29. Kc1 Bxb4 30. axb4 Rxb4 31. Kd2 Ke7 32. Kc3 Rbb8 33. Be2 Rhc8 34. Rb1 Rxb1 35. Rxb1 Bb5 36. f4 f6 37. h5 Rc7 38. Rg1 Bc6 39. e5 fxe5 40. fxe5 Bd5 41. Ra1 Kd7 42. Kd4 Rb7 43. Ra4 Rb5 44. c3 Kd8 45. Bxc4 Bxc4 46. Rxc4 Rd5+ 47. Ke4 Rxa5 48. Rc6 Kd7 49. Rd6+ Ke7 50. c4 Ra1 51. Rc6 Kd7 52. Rb6 a5 53. Kd4 Rg1 54. Kc5 Rxg4 55. Rd6+ Ke7 56. Rc6 a4 57. Rc7+ Ke8 58. Kd6 Kd8 59. Rc6 a3 60. Ra6 1/2-1/2

[Event "GER Pyramid email"]
[Site "GER email"]
[Date "2005.04.27"]
[Round "?"]
[White "Henrich, Guenter"]
[Black "Voetter, Hans Dieter"]
[Result "1/2-1/2"]
[WhiteElo "2315"]
[BlackElo "2435"]
[PlyCount "65"]
[EventDate "2005.??.??"]
[EventType "tourn (corr)"]
[EventRounds "9"]
[EventCountry "GER"]
[SourceTitle "Corr 2020"]
[Source "ChessBase"]
[SourceDate "2019.09.30"]
[SourceVersion "1"]
[SourceVersionDate "2019.09.30"]
[SourceQuality "1"]

1. d4 f5 2. g3 Nf6 3. Bg2 g6 4. Nf3 Bg7 5. 0-0 0-0 6. c4 d6 7. Nc3 Qe8 8. d5 a5 9. Ne1 Na6 10. Nd3 e5 11. dxe6 c6 12. Na4 Bxe6 13. Nb6 Rd8 14. Bd2 d5 15. cxd5 Nxd5 16. Bxa5 Ndb4 17. Na4 Rd7 18. Bxb4 Nxb4 19. Nac5 Nxd3 20. exd3 Re7 21. Re1 Bc8 22. Qb3+ Kh8 23. Qb4 Qd8 24. Rxe7 Qxe7 25. Re1 Qd6 26. Qb6 Qd4 27. Re2 f4 28. Re4 Qxb2 29. Qxb2 Bxb2 30. Nxb7 f3 31. Bf1 Bxb7 32. Rb4 Bc3 33. Rxb7 1/2-1/2